000 00876nam a2200265Ia 4500
003 OSt
005 20220923211046.0
006 a|||||r|||| 00| 0
007 ta
008 220922b |||||||| |||| 00| 0 hin d
020 _a8175660147 (hbk)
024 _a158,551
037 _cTextual
040 _aARTS
_cARTS
_bhin
041 _2hin
_ahin
082 _aO152:g, N9
100 _aपाण्डेय, शिववंश
_9157726
245 0 _aहिन्दी साहित्य
_b विविध आयाम
246 _aHindī sāhitya: vividh āyāma
260 _aदिल्ली
_b अविराम प्रकाशन
_c1999
300 _a172 पृ.
_ccm.
650 _aहिन्दी साहित्य
_9156264
942 _hO152:g, N9
_cTEXL
_2CC
999 _c294645
_d294645